[Event "Graz Casino Open 2014"]
[Site "Graz AUT"]
[Date "2014.02.18"]
[Round "6.17"]
[White "Wallner, Dieter"]
[Black "Bachler, Reinhard"]
[Result "0-1"]
[WhiteElo "2085"]
[BlackElo "2205"]
[WhiteFideId "1604619"]
[BlackFideId "1600273"]
[EventDate "2014.02.14"]

1. d4 Nf6 2. Nf3 b6 3. g3 e6 4. Bg2 Bb7 5. O-O Qc8 6. c4 c5 7. b3 cxd4 8. Qxd4
Bc5 9. Qf4 O-O 10. Bb2 Be7 11. Nc3 a6 12. Na4 Bd8 13. Rfd1 Bc6 14. Nc3 b5 15.
cxb5 axb5 16. Nd4 Bxg2 17. Kxg2 b4 18. Na4 Qb7+ 19. Qf3 d5 20. Kg1 Be7 21. Qd3
Nbd7 22. Qb5 Qxb5 23. Nxb5 Rfc8 24. Rdc1 Ne4 25. Rxc8+ Rxc8 26. Rc1 Rxc1+ 27.
Bxc1 Ndc5 28. Be3 Na6 29. f3 Nd6 30. Nxd6 Bxd6 31. Kf2 Kf8 32. Ke1 Ke8 33. Kd2
Kd7 34. Bf2 Kc6 35. Kd3 Nc7 36. h3 Nb5 37. Be1 e5 38. g4 f6 39. e3 g6 40. Bf2 f5
41. gxf5 gxf5 42. e4 fxe4+ 43. fxe4 d4 44. Nb2 Nc3 45. Nc4 Kd7 46. Bg3 Ke6 47.
Be1 Nxa2 48. Nxd6 Kxd6 49. Kc4 Nc3 50. Kxb4 Nxe4 51. Kc4 Kc6 52. Bb4 Nd6+ 53.
Kd3 Kd5 54. Be1 e4+ 55. Ke2 Nf5 56. Kd2 Ng7 57. Bh4 Ne6 58. Bg3 e3+ 59. Ke2 Ke4
60. b4 d3+ 61. Kd1 d2 62. Be1 Kd3 63. Bxd2 exd2 64. b5 Nf4 65. b6 Nd5 66. b7
Ne3# 0-1

[Event "Graz Casino Open 2014"]
[Site "Graz AUT"]
[Date "2014.02.18"]
[Round "6.18"]
[White "Guo, Emma"]
[Black "Jicman, Ligia-Letitia"]
[Result "1-0"]
[WhiteTitle "WIM"]
[BlackTitle "WIM"]
[WhiteElo "1997"]
[BlackElo "2166"]
[WhiteFideId "3200795"]
[BlackFideId "1201581"]
[EventDate "2014.02.14"]

1. d4 d5 2. c4 c6 3. cxd5 cxd5 4. Bf4 Nc6 5. e3 Nf6 6. Nc3 Bf5 7. Qb3 Qb6 8.
Qxb6 axb6 9. Nf3 e6 10. Bb5 Bb4 11. Ke2 Bg4 12. a3 Bxc3 13. bxc3 O-O 14. h3 Bf5
15. Nd2 Rfc8 16. Rhc1 Ne4 17. Nxe4 Bxe4 18. f3 Bg6 19. Ra2 f6 20. a4 Be8 21. Rb2
Kf7 22. c4 Ke7 23. cxd5 Nxd4+ 24. exd4 Bxb5+ 25. axb5 Rxc1 26. Bxc1 exd5 27. Bf4
Kd7 28. Rc2 g5 29. Rc7+ Ke6 30. Bd2 Ra4 31. Rxb7 Rxd4 32. Rxb6+ Ke7 33. Rc6 1-0

[Event "Graz Casino Open 2014"]
[Site "Graz AUT"]
[Date "2014.02.18"]
[Round "6.19"]
[White "Gutmann, Alois"]
[Black "Kopinits, Anna-Christina"]
[Result "1-0"]
[BlackTitle "WIM"]
[WhiteElo "2050"]
[BlackElo "2260"]
[WhiteFideId "1614983"]
[BlackFideId "1614142"]
[EventDate "2014.02.14"]

1. Nc3 d5 2. e4 dxe4 3. Nxe4 Nd7 4. Ne2 Ngf6 5. N2c3 e5 6. Bc4 Be7 7. O-O O-O 8.
Qe2 a6 9. a4 Nxe4 10. Nxe4 Nb6 11. Bb3 Nd5 12. Qh5 f5 13. Nc3 Be6 14. d3 Qd7 15.
Nxd5 Bxd5 16. Bxd5+ Qxd5 17. Bd2 Rae8 18. Bc3 Bd6 19. Rfe1 Re6 20. Qf3 e4 21.
Qe3 f4 22. Qd4 Qg5 23. Qc4 Re8 24. Rxe4 b5 25. axb5 axb5 26. Qb3 f3 27. g3 Qh6
28. Rxe6 Qxe6 29. Re1 Qxb3 30. Rxe8+ Kf7 31. cxb3 Kxe8 32. Bxg7 Kf7 33. Bh8 Ke6
34. Kf1 Bf8 35. Ke1 Bh6 36. Kd1 Kd5 37. Bc3 Ke6 38. Bd4 Bg5 39. Be3 Bf6 40. Bf4
c6 41. Kd2 Bd4 42. Be3 Bxb2 43. d4 Kf5 44. Kd3 Ba3 45. h3 h5 46. Bf4 Bb2 47. Ke3
Bc3 48. Bc7 Ke6 49. Ke4 b4 50. Bb6 Bd2 51. Bc5 Bc3 52. g4 hxg4 53. hxg4 Bd2 54.
Kxf3 Kd5 55. Ke2 Bg5 56. Kd3 Bf6 57. f4 Bg7 58. g5 1-0

[Event "Graz Casino Open 2014"]
[Site "Graz AUT"]
[Date "2014.02.18"]
[Round "6.20"]
[White "Singer, Richard"]
[Black "Hocevar, Nikola"]
[Result "1/2-1/2"]
[WhiteTitle "FM"]
[WhiteElo "2247"]
[BlackElo "2016"]
[WhiteFideId "1602810"]
[BlackFideId "14601524"]
[EventDate "2014.02.14"]

1. d4 d5 2. c4 e6 3. Nc3 Nf6 4. Bg5 c5 5. cxd5 cxd4 6. Qxd4 Be7 7. e4 Nc6 8. Bb5
O-O 9. Qa4 exd5 10. Bxf6 Bxf6 11. Nxd5 Bxb2 12. Rb1 Bf6 13. Ne2 Be6 14. Bxc6
bxc6 15. Nxf6+ Qxf6 16. O-O Qe5 17. Rfc1 f5 18. f3 fxe4 19. fxe4 c5 20. a3 Rf7
21. Qc2 c4 22. Ng3 Qc5+ 23. Kh1 Qxa3 24. Ra1 Qb3 25. Ra6 Re8 26. Qd2 Qd3 27. Qe1
Qd4 28. h3 Qe5 29. Kh2 h5 30. Ra5 Qf4 1/2-1/2

[Event "Graz Casino Open 2014"]
[Site "Graz AUT"]
[Date "2014.02.18"]
[Round "6.21"]
[White "Legenstein, Robert"]
[Black "Goessler, Markus"]
[Result "1-0"]
[WhiteElo "2050"]
[BlackElo "2154"]
[WhiteFideId "1619667"]
[BlackFideId "1633260"]
[EventDate "2014.02.14"]

1. e4 e6 2. d4 d5 3. Nc3 Nf6 4. e5 Nfd7 5. f4 c5 6. Nf3 Nc6 7. Be3 Be7 8. dxc5
O-O 9. Be2 Bxc5 10. Bxc5 Nxc5 11. Qd2 Bd7 12. Bd3 f5 13. O-O Be8 14. a3 Bh5 15.
Kh1 Ne4 16. Qe1 Bxf3 17. Rxf3 Nd4 18. Rf1 Qb6 19. Qe3 Nxc3 20. bxc3 Nc6 21. Qxb6
axb6 22. Rfb1 Ra4 23. g3 Rfa8 24. Rxb6 Rxa3 25. Rxa3 Rxa3 26. Rxb7 Rxc3 27. Rc7
d4 28. Rd7 h6 29. Kg1 g6 30. Kf1 Kf8 31. Rd6 Ke7 32. Bb5 Nb4 33. Rd7+ Kf8 34.
Rxd4 Nd5 35. Ba4 g5 36. Ke2 gxf4 37. gxf4 Rh3 38. Bb3 Rxh2+ 39. Kf3 Rh3+ 40. Kg2
Rc3 41. Bxd5 Rxc2+ 42. Kg3 exd5 43. Rxd5 Rc3+ 44. Kg2 Kg7 45. Rd6 Rc4 46. Kg3
Rc3+ 47. Kf2 Rc4 48. Ke3 Rc3+ 49. Rd3 Rc6 50. Rd7+ Kg6 51. Kd4 h5 52. Kd5 Rc1
53. Rd6+ Kg7 54. Rf6 h4 55. Rxf5 Kg6 56. Rg5+ Kh6 57. Ke4 h3 58. Rg3 Rh1 59. Kf5
Kh5 60. e6 Kh4 61. Rg4+ Kh5 62. Rg8 Kh6 63. e7 1-0

[Event "Graz Casino Open 2014"]
[Site "Graz AUT"]
[Date "2014.02.18"]
[Round "6.22"]
[White "Wegerer, Fred"]
[Black "Pretterhofer, Kiaras"]
[Result "1/2-1/2"]
[WhiteTitle "FM"]
[WhiteElo "2140"]
[BlackElo "2005"]
[WhiteFideId "1601113"]
[BlackFideId "1618768"]
[EventDate "2014.02.14"]

1. g3 Nf6 2. Bg2 d5 3. Nf3 c6 4. b3 Bf5 5. Ba3 Nbd7 6. O-O e6 7. Bxf8 Nxf8 8. d3
h6 9. c4 N8d7 10. cxd5 exd5 11. Nbd2 O-O 12. b4 Re8 13. Nb3 Qe7 14. Nfd4 Bg4 15.
Qd2 Qe5 16. f3 Bh5 17. Rac1 Rac8 18. Bh3 Rcd8 19. Rf2 Bg6 20. Kg2 a6 21. a3 Nf8
22. f4 Qe3 23. Qxe3 Rxe3 24. Nc5 Re7 25. Kf3 Rde8 26. Re1 Bh5+ 27. Kg2 Ng4 28.
Bxg4 Bxg4 29. f5 g6 30. e4 dxe4 31. dxe4 Bxf5 32. Nxf5 gxf5 33. Rxf5 b6 34. Nxa6
Ra7 35. b5 cxb5 36. Nb4 Rxa3 37. Rxb5 Re6 38. Nd5 Nd7 39. Nf4 Re5 40. Rd5 Ra2+
41. Kh3 Rxd5 42. exd5 Rd2 43. Re8+ Kg7 44. g4 Nf6 45. Rb8 h5 46. g5 Nxd5 47.
Nxd5 Rxd5 48. Kh4 f6 1/2-1/2

[Event "Graz Casino Open 2014"]
[Site "Graz AUT"]
[Date "2014.02.18"]
[Round "6.23"]
[White "Scholzen, Wolfgang"]
[Black "Kersten, Julian"]
[Result "1-0"]
[WhiteElo "2127"]
[BlackElo "1982"]
[WhiteFideId "24637629"]
[BlackFideId "1628542"]
[EventDate "2014.02.14"]

1. d4 Nf6 2. Nf3 g6 3. c4 Bg7 4. Nc3 O-O 5. Bg5 d6 6. e3 c5 7. Be2 Nbd7 8. O-O
h6 9. Bh4 g5 10. Bg3 Nh5 11. Qc2 Nxg3 12. hxg3 cxd4 13. Nxd4 Nf6 14. Rad1 Qa5
15. a3 a6 16. b4 Qc7 17. Rc1 Bd7 18. Rfd1 Rac8 19. Nf5 Bxf5 20. Qxf5 Rfd8 21.
Bf3 Qd7 22. Qd3 Rc7 23. Rc2 b6 24. Rdc1 Rdc8 25. Nd1 Ng4 26. Bxg4 Qxg4 27. e4
Qe6 28. Ne3 Rc6 29. Nd5 Kf8 30. a4 Rb8 31. f4 Rcc8 32. Rf1 Kg8 33. Rcf2 g4 34.
f5 Qd7 35. f6 exf6 36. Rxf6 Rf8 37. Rxh6 Qa7 38. e5 1-0

[Event "Graz Casino Open 2014"]
[Site "Graz AUT"]
[Date "2014.02.18"]
[Round "6.24"]
[White "Weinberger, Simon"]
[Black "Wieser, Andreas1"]
[Result "0-1"]
[WhiteElo "2008"]
[BlackElo "2107"]
[WhiteFideId "1618202"]
[BlackFideId "1612174"]
[EventDate "2014.02.14"]

1. e4 c6 2. d4 d5 3. Nc3 dxe4 4. Nxe4 Bf5 5. Ng3 Bg6 6. h4 h6 7. Nf3 Nf6 8. h5
Bh7 9. Bd3 Bxd3 10. Qxd3 e6 11. Bf4 c5 12. Bxb8 Rxb8 13. O-O-O Qa5 14. Kb1 Be7
15. Ne4 cxd4 16. Nxd4 O-O 17. Nxf6+ Bxf6 18. Nb3 Qe5 19. Qd4 Qf5 20. Qxa7 Rbc8
21. Na1 Qe5 22. Qa3 Ra8 23. Qc3 Qf5 24. Qf3 Qa5 25. a3 Rfc8 26. Rhe1 b5 27. Re4
Ra7 28. Rg4 Kf8 29. Qb3 Be7 30. c3 Qb6 31. f3 Qc5 32. Nc2 Bf6 33. Qb4 Kg8 34.
Qxc5 Rxc5 35. Rb4 Rxh5 36. Nd4 Rh2 37. Nxb5 Rb7 38. Rd2 Be7 39. Rb3 h5 40. c4 h4
41. Rc3 h3 42. Rcc2 Rh1+ 43. Rc1 Rxc1+ 44. Kxc1 Bg5 45. gxh3 Rd7 0-1

[Event "Graz Casino Open 2014"]
[Site "Graz AUT"]
[Date "2014.02.18"]
[Round "6.25"]
[White "Gaal, Alexander"]
[Black "Jakits, Leopold"]
[Result "1-0"]
[WhiteElo "1962"]
[BlackElo "2061"]
[WhiteFideId "1639374"]
[BlackFideId "1616862"]
[EventDate "2014.02.14"]

1. Nf3 c5 2. b3 Nf6 3. Bb2 Nc6 4. Nc3 d5 5. e3 Bg4 6. h3 Bh5 7. g4 Bg6 8. g5 Ne4
9. h4 h6 10. h5 Nxc3 11. dxc3 hxg5 12. hxg6 Rxh1 13. gxf7+ Kxf7 14. Nxg5+ Kg8
15. Qf3 Rh6 16. Bh3 e5 17. Be6+ Rxe6 18. Nxe6 Qd7 19. Ng5 Rd8 20. O-O-O g6 21.
Qf6 Qf5 22. Qxf5 gxf5 23. Rg1 Rd7 24. Ne6+ Kf7 25. Nxf8 Kxf8 26. b4 a6 27. a4
Kf7 28. b5 axb5 29. axb5 Na5 30. Ba3 b6 31. Kd1 Nc4 32. Bc1 Rd8 33. Rg5 Kf6 34.
Rh5 Kg6 35. Rh2 Nd6 36. Rg2+ Kf6 37. Rh2 Kg6 38. Rg2+ Kf6 39. Rh2 Rg8 40. Ke2
Nxb5 41. Bd2 Na3 42. Rh6+ Rg6 43. Rh8 Nc4 44. Rf8+ Ke6 45. Re8+ Kf7 46. Rd8 Rd6
47. Rh8 e4 48. Rh7+ Kg6 49. Re7 Kf6 50. Rh7 Ke5 51. Be1 Na3 52. f4+ exf3+ 53.
Kxf3 Rg6 54. Rb7 Nxc2 55. Bh4 Rc6 56. Re7+ Kd6 57. Rf7 d4 58. exd4 cxd4 59. cxd4
Nxd4+ 60. Ke3 Kc5 61. Kd3 b5 62. Bf2 Rd6 63. Rxf5+ Rd5 64. Bxd4+ Kc6 65. Rf6+
Rd6 66. Rf8 Rd7 67. Rc8+ Kd6 68. Rb8 Rh7 69. Rb6+ Kd5 70. Rxb5+ Ke6 71. Re5+ Kd6
72. Ra5 Rh1 73. Kc4 Rc1+ 74. Bc3 Ke6 75. Re5+ Kd6 76. Re2 Kd7 77. Re3 Kd6 78.
Kd3 Rb1 79. Ke4 Rb5 80. Rd3+ Kc6 81. Be5 Rb4+ 82. Bd4 Rb1 83. Rc3+ Kd6 84. Be5+
Kd7 85. Rc7+ Ke6 86. Rc6+ Kd7 87. Rd6+ Ke7 88. Rd4 Ke6 89. Bf4 Re1+ 90. Be3 Re2
91. Kf4 Re1 92. Re4+ Kd6 93. Bc5+ Kd5 1-0

[Event "Graz Casino Open 2014"]
[Site "Graz AUT"]
[Date "2014.02.18"]
[Round "6.26"]
[White "Titz, Heimo"]
[Black "Froewis, Annika"]
[Result "1/2-1/2"]
[WhiteTitle "FM"]
[WhiteElo "2165"]
[BlackElo "2021"]
[WhiteFideId "1601520"]
[BlackFideId "1621432"]
[EventDate "2014.02.14"]

1. c4 e5 2. Nc3 Nc6 3. g3 g6 4. Bg2 Bg7 5. Nf3 d6 6. O-O f5 7. d3 h6 8. Bd2 Nf6
9. Nd5 Be6 10. Nxf6+ Qxf6 11. Bc3 O-O 12. Nd2 Qd8 13. b4 d5 14. cxd5 Bxd5 15.
Bxd5+ Qxd5 16. Qb3 Rad8 17. b5 Ne7 18. Bb4 Rfe8 19. Rac1 Rd7 20. a4 Kh8 21. Bxe7
Rexe7 22. Qxd5 Rxd5 23. Nb3 b6 24. Rc4 Rdd7 25. Rfc1 Rf7 26. R1c2 Bf8 27. Rc6
Bd6 28. Nd2 Kg7 29. Nc4 Rfe7 30. h4 Bc5 31. Nd2 Rd6 32. Rxd6 cxd6 33. Nb3 Kf6
34. e3 g5 35. hxg5+ hxg5 36. Kg2 g4 37. Rc1 Kg5 38. Rc4 Rf7 39. d4 exd4 40. exd4
Ba3 41. Rc8 Re7 42. a5 Re2 43. Ra8 Bb4 44. Nc1 Rc2 45. axb6 axb6 46. Nd3 Ba5 47.
Rd8 Rd2 48. Nf4 Bb4 49. Rb8 Ba5 50. Rd8 Bb4 51. Rb8 Ba5 52. Rg8+ Kf6 53. Rg6+
Ke7 54. Nd5+ Kd7 55. Rg7+ Ke6 56. Nf4+ Kf6 57. Rg6+ Ke7 58. Re6+ Kd7 59. d5 Rxd5
60. Rh6 Rxb5 61. Rh7+ Kc6 62. Ne6 Re5 63. Rc7+ Kd5 64. Nf4+ Kd4 65. Rc6 d5 66.
Ne6+ Kd3 67. Nf4+ Ke4 68. Rc2 Kd4 69. Rc6 Bd2 70. Ne6+ Kd3 71. Rxb6 d4 72. Rd6
Bc3 73. Nf4+ Kc2 74. Rd7 Re1 75. Rd5 Rd1 76. Rxf5 d3 77. Nxd3 Rxd3 78. Rf4 Rd4
79. Rxd4 Bxd4 80. f3 gxf3+ 81. Kxf3 Kd3 1/2-1/2

[Event "Graz Casino Open 2014"]
[Site "Graz AUT"]
[Date "2014.02.18"]
[Round "6.27"]
[White "Schweitzer, Werner"]
[Black "Perdomo Araujo, Angel Eduardo"]
[Result "0-1"]
[WhiteElo "2055"]
[BlackElo "2010"]
[WhiteFideId "1622927"]
[BlackFideId "3902528"]
[EventDate "2014.02.14"]

1. e4 e6 2. d4 d5 3. Nd2 Nf6 4. e5 Nfd7 5. Bd3 c5 6. c3 Nc6 7. Ngf3 cxd4 8. cxd4
f6 9. exf6 Qxf6 10. Nf1 h6 11. Ng3 Bb4+ 12. Bd2 Bxd2+ 13. Qxd2 O-O 14. O-O e5
15. dxe5 Ndxe5 16. Be2 Be6 17. b3 Rac8 18. Rac1 Rfd8 19. Nh5 Nxf3+ 20. Bxf3 Qd4
21. Qf4 Bf7 22. Rcd1 Qb2 23. Rd2 Qc3 24. Bg4 Rb8 25. Rfd1 Ne5 26. Be2 Rbc8 27.
Rd4 Ng6 28. Qg4 Re8 29. h3 Re5 30. Ng3 Rg5 31. Qd7 Re8 32. Qxb7 Rxg3 33. fxg3
Rxe2 34. Qc8+ Qxc8 0-1

[Event "Graz Casino Open 2014"]
[Site "Graz AUT"]
[Date "2014.02.18"]
[Round "6.28"]
[White "Deutschmann, Robert Peter"]
[Black "Hapala, Lisa"]
[Result "1-0"]
[WhiteElo "2014"]
[BlackElo "2054"]
[WhiteFideId "1609785"]
[BlackFideId "1622080"]
[EventDate "2014.02.14"]

1. d4 d5 2. c4 c6 3. Nc3 dxc4 4. e4 b5 5. a4 b4 6. Na2 Nf6 7. e5 Nd5 8. Bxc4 e6
9. Nf3 a5 10. Bg5 Qb6 11. Nc1 Ba6 12. Qe2 h6 13. Bd2 Bxc4 14. Qxc4 Nd7 15. Nb3
Be7 16. Rc1 O-O 17. O-O Rfc8 18. Nc5 Nxc5 19. dxc5 Qc7 20. Qg4 Kh8 21. Qh5 Bf8
22. Rc4 Ra7 23. Rg4 Rd8 24. Rg3 Qb8 25. Bxh6 g6 26. Qh4 Kg8 27. Bg5 Rdd7 28. Bf6
Nxf6 29. exf6 Rd5 30. Ng5 Rxg5 31. Rxg5 Qd8 32. Rg3 Bg7 33. Rxg6 1-0

[Event "Graz Casino Open 2014"]
[Site "Graz AUT"]
[Date "2014.02.18"]
[Round "6.29"]
[White "Luu, Duc Hai"]
[Black "Spelec, Darko"]
[Result "0-1"]
[WhiteElo "1927"]
[BlackElo "2036"]
[WhiteFideId "12412228"]
[BlackFideId "14602423"]
[EventDate "2014.02.14"]

1. d4 e6 2. Nf3 f5 3. c4 Nf6 4. e3 Be7 5. Bd3 O-O 6. Qc2 d6 7. Nc3 Nc6 8. a3 a5
9. Bd2 Bd7 10. h3 h6 11. O-O-O a4 12. Rdg1 Na5 13. g4 Nb3+ 14. Kb1 Ne4 15. Nxe4
fxe4 16. Bxe4 Nxd2+ 17. Qxd2 b5 18. Bxa8 Qxa8 19. Ne1 bxc4 20. Rh2 Rb8 21. f4
Rb3 22. Qc1 Qe4+ 23. Ka2 d5 24. Nc2 Bb5 25. Nb4 c5 26. Nc2 c3 27. Na1 cxb2 28.
Rxb2 c4 29. Rxb3 axb3+ 30. Kb2 Qd3 31. Rd1 c3+ 32. Kxb3 Qc4+ 33. Kc2 Ba4+ 34.
Kb1 Qb5+ 35. Ka2 Bxd1 36. Qxc3 Qc4+ 37. Qxc4 dxc4 38. Kb2 Ba4 39. e4 Kf7 40. Nc2
Bc6 41. Ne3 Bxe4 42. Nxc4 Bg2 43. a4 Bxh3 44. a5 Bf6 45. Kc3 Bxg4 46. a6 Bf3 47.
a7 h5 48. Nb6 h4 49. Kc4 Bb7 50. Nc8 Be7 51. f5 h3 52. fxe6+ Kxe6 53. Nb6 h2 54.
d5+ Kf7 55. a8=Q Bxa8 56. Nxa8 h1=Q 0-1

[Event "Graz Casino Open 2014"]
[Site "Graz AUT"]
[Date "2014.02.18"]
[Round "6.30"]
[White "Horvath, Reka"]
[Black "Hoebarth, Guenter"]
[Result "1-0"]
[WhiteElo "2034"]
[BlackElo "1950"]
[WhiteFideId "724971"]
[BlackFideId "1610198"]
[EventDate "2014.02.14"]

1. e4 d6 2. d4 Nf6 3. Nc3 g6 4. Bg5 Nbd7 5. f4 c6 6. e5 h6 7. Bh4 g5 8. Bg3 dxe5
9. dxe5 Qb6 10. exf6 Qxb2 11. Nge2 Nxf6 12. Rb1 Qa3 13. Qd4 Qa5 14. Qe5 b5 15.
fxg5 hxg5 16. Qc7 Qxc7 17. Bxc7 Ng4 18. Ng3 Nxh2 19. Be2 Bg7 20. Nce4 g4 21. Rd1
Be6 22. Kf2 Rc8 23. Bf4 Rd8 24. Rxd8+ Kxd8 25. Rd1+ Kc8 26. Nc5 Bd5 27. Nf5 Bf6
28. Rh1 Rh5 29. Rxh2 Rxf5 30. Bxg4 Bd4+ 31. Kg3 e6 32. Bxf5 Bxc5 33. Bd3 Bxa2
34. Rh7 f6 35. Rc7+ 1-0

[Event "Graz Casino Open 2014"]
[Site "Graz AUT"]
[Date "2014.02.18"]
[Round "6.31"]
[White "Melkumyan, Hrant"]
[Black "Aravindh, Chithambaram VR."]
[Result "1-0"]
[WhiteTitle "GM"]
[BlackTitle "FM"]
[WhiteElo "2589"]
[BlackElo "2381"]
[WhiteFideId "13302485"]
[BlackFideId "5072786"]
[EventDate "2014.02.14"]

1. d4 Nf6 2. c4 e6 3. Nf3 d5 4. Nc3 Be7 5. e3 O-O 6. Bd3 b6 7. cxd5 exd5 8. O-O
Bb7 9. b3 Nbd7 10. Bb2 Ne4 11. Qc2 f5 12. Rad1 c6 13. Ne5 Bd6 14. f3 Nxc3 15.
Bxc3 g6 16. e4 fxe4 17. fxe4 Nxe5 18. dxe5 Bc5+ 19. Kh1 Qe7 20. Rf6 Be3 21. Rdf1
Bg5 22. exd5 Bxf6 23. d6 Qe6 24. Bc4 Qxc4 25. bxc4 Bxe5 26. Rd1 Bxc3 27. Qxc3 c5
28. d7 Rad8 29. Qe1 Rf7 30. Qe8+ Rf8 31. Qe6+ Kg7 32. Qe7+ Kg8 33. h4 Ba6 34. h5
Bxc4 35. h6 1-0

[Event "Graz Casino Open 2014"]
[Site "Graz AUT"]
[Date "2014.02.18"]
[Round "6.33"]
[White "Nguyen, Thai Dai Van"]
[Black "Minko, Vladimir"]
[Result "1-0"]
[BlackTitle "FM"]
[WhiteElo "2175"]
[BlackElo "2310"]
[WhiteFideId "358878"]
[BlackFideId "24146706"]
[EventDate "2014.02.14"]

1. e4 c5 2. Nf3 e6 3. d4 cxd4 4. Nxd4 Nc6 5. Nc3 Qc7 6. Be2 Nf6 7. Be3 a6 8. a3
Be7 9. f4 d6 10. g4 Nxd4 11. Qxd4 e5 12. Qd2 Bxg4 13. O-O-O Bxe2 14. Qxe2 Rc8
15. f5 Qc4 16. Qg2 h6 17. Kb1 Rg8 18. Nd5 Nxe4 19. Rhe1 g5 20. Rd4 exd4 21. Qxe4
Rc7 22. Bxd4 1-0

[Event "Graz Casino Open 2014"]
[Site "Graz AUT"]
[Date "2014.02.19"]
[Round "7.1"]
[White "Melkumyan, Hrant"]
[Black "Ragger, Markus"]
[Result "1-0"]
[WhiteTitle "GM"]
[BlackTitle "GM"]
[WhiteElo "2589"]
[BlackElo "2646"]
[WhiteFideId "13302485"]
[BlackFideId "1610856"]
[EventDate "2014.02.14"]

1. c4 c5 2. Nf3 Nf6 3. Nc3 Nc6 4. e3 e6 5. d4 d5 6. cxd5 exd5 7. Bb5 Bd6 8. dxc5
Bxc5 9. O-O O-O 10. b3 Be6 11. Bb2 Rc8 12. Rc1 Qe7 13. Ne2 Ne4 14. Nf4 a6 15.
Bxc6 bxc6 16. Nd2 Nxf2 17. Rxf2 Bxe3 18. Qf3 d4 19. Re1 Bxf2+ 20. Qxf2 c5 21.
Qg3 Rc6 22. Ne4 Qc7 23. Nf6+ Kh8 24. Qh4 Bf5 25. N6d5 Qa5 26. Qf2 Rcc8 27. b4
cxb4 28. Bxd4 f6 29. h3 Rc2 30. Qe3 Qd8 31. Bc5 Rg8 32. Be7 Qa5 33. Nxf6 Rgc8
34. N6d5 h6 35. Bxb4 Qxa2 36. Bc3 Rg8 37. Ne7 Qc4 38. Be5 Re8 39. Nxf5 1-0

[Event "Graz Casino Open 2014"]
[Site "Graz AUT"]
[Date "2014.02.19"]
[Round "7.3"]
[White "Li, Chao b"]
[Black "Ankit, R. Rajpara"]
[Result "1/2-1/2"]
[WhiteTitle "GM"]
[BlackTitle "IM"]
[WhiteElo "2697"]
[BlackElo "2455"]
[WhiteFideId "8604436"]
[BlackFideId "5023335"]
[EventDate "2014.02.14"]

1. d4 d5 2. c4 c6 3. Nf3 Nf6 4. Nc3 e6 5. g3 dxc4 6. Bg2 b5 7. O-O Bb7 8. Ne5 a6
9. b3 b4 10. bxc4 bxc3 11. Rb1 Ra7 12. Be3 Bd6 13. d5 c5 14. Qa4+ Nbd7 15. dxe6
fxe6 16. Bxb7 Bxe5 17. Bxc5 Rxb7 18. Rxb7 Qc8 19. Ra7 Qxc5 20. Ra8+ Ke7 21. Rxh8
Ne4 22. Rxh7 Nd2 23. Rd1 Bd4 24. e3 Bf6 25. Rh8 Qf5 26. Rc8 Qe4 27. Rxd2 cxd2
28. Qb4+ Kf7 29. Qxd2 Ne5 30. Rc7+ Kg6 31. Qd1 Nf3+ 32. Kg2 Ne1+ 33. Kf1 Qh1+
34. Ke2 Qf3+ 35. Kd2 Bc3+ 36. Kc1 Bb2+ 37. Kd2 Bc3+ 38. Kc1 Bb2+ 39. Kd2 Bc3+ 1/2-1/2

[Event "Graz Casino Open 2014"]
[Site "Graz AUT"]
[Date "2014.02.19"]
[Round "7.4"]
[White "Kozul, Zdenko"]
[Black "Bjerke, Silje"]
[Result "1-0"]
[WhiteTitle "GM"]
[BlackTitle "WIM"]
[WhiteElo "2588"]
[BlackElo "2181"]
[WhiteFideId "14502879"]
[BlackFideId "1502786"]
[EventDate "2014.02.14"]

1. Nf3 Nf6 2. c4 e6 3. g3 d5 4. Bg2 Be7 5. O-O O-O 6. d4 c6 7. Qc2 Nbd7 8. Nbd2
b6 9. e4 Bb7 10. e5 Ne8 11. cxd5 cxd5 12. Re1 Rc8 13. Qa4 Bc6 14. Qd1 Bb5 15.
Nf1 Nc7 16. h4 f6 17. exf6 Bxf6 18. Bf4 Bxf1 19. Bxf1 Re8 20. Rc1 Nf8 21. Qa4
Re7 22. Qxa7 Ng6 23. Bxc7 Rexc7 24. Rxc7 Qxc7 25. Qxc7 Rxc7 26. Rxe6 Rb7 27. Rd6
Ne7 28. Bh3 Kf7 29. Be6+ Ke8 30. a4 1-0

[Event "Graz Casino Open 2014"]
[Site "Graz AUT"]
[Date "2014.02.19"]
[Round "7.5"]
[White "Diermair, Andreas"]
[Black "Barbosa, Evandro Amorim"]
[Result "1/2-1/2"]
[WhiteTitle "IM"]
[BlackTitle "IM"]
[WhiteElo "2459"]
[BlackElo "2459"]
[WhiteFideId "1612468"]
[BlackFideId "2115824"]
[EventDate "2014.02.14"]

1. d4 Nf6 2. c4 g6 3. Nf3 Bg7 4. Nc3 d5 5. cxd5 Nxd5 6. e4 Nxc3 7. bxc3 c5 8.
Rb1 O-O 9. Be2 Nc6 10. d5 Ne5 11. Nxe5 Bxe5 12. Qd2 e6 13. f4 Bc7 14. O-O exd5
15. exd5 Ba5 16. d6 Rb8 17. Rb5 b6 18. Rxa5 bxa5 19. Ba3 a4 20. Bxc5 Qa5 21. Qd4
Bd7 22. Bb4 Qb6 23. Bc5 Qa5 24. Bb4 Qb6 25. Bc5 1/2-1/2

[Event "Graz Casino Open 2014"]
[Site "Graz AUT"]
[Date "2014.02.19"]
[Round "7.6"]
[White "Danner, Georg"]
[Black "Baldauf, Marco"]
[Result "1/2-1/2"]
[WhiteTitle "IM"]
[BlackTitle "FM"]
[WhiteElo "2336"]
[BlackElo "2396"]
[WhiteFideId "1600303"]
[BlackFideId "4688210"]
[EventDate "2014.02.14"]

1. d4 Nf6 2. Nf3 d5 3. c4 c6 4. e3 Bf5 5. Nc3 a6 6. Qb3 b5 7. c5 a5 8. Ne5 a4 9.
Qd1 Qc7 10. g4 Be6 11. Be2 g6 12. f4 Ne4 13. Bd2 Nd7 14. Nd3 Ndf6 15. Bf3 h5 16.
g5 Nxc3 17. Bxc3 Ne4 18. Bxe4 dxe4 19. Nb4 Bg7 20. Qc2 Bd5 21. Nxd5 cxd5 22. O-O
O-O 23. Qe2 Qd7 24. Bb4 Ra6 25. Rac1 Rb8 26. Rc2 e6 27. Rfc1 Qc6 28. Kg2 Bf8 1/2-1/2

[Event "Graz Casino Open 2014"]
[Site "Graz AUT"]
[Date "2014.02.19"]
[Round "7.7"]
[White "Schreiner, Peter"]
[Black "Prosviriakov, Vladimir"]
[Result "1/2-1/2"]
[WhiteTitle "IM"]
[BlackTitle "IM"]
[WhiteElo "2487"]
[BlackElo "2268"]
[WhiteFideId "1621645"]
[BlackFideId "2004860"]
[EventDate "2014.02.14"]

1. d4 d6 2. Nf3 g6 3. c4 Bg7 4. Nc3 Bg4 5. e3 c5 6. Be2 cxd4 7. exd4 Nh6 8. h3
Bxf3 9. Bxf3 Nc6 10. d5 Ne5 11. Be2 Nf5 12. Bd2 O-O 13. O-O Rc8 14. b3 a6 15.
Re1 Qb6 16. Na4 Qd4 17. Bc3 Qh4 18. Bf1 e6 19. Rc1 g5 20. g3 Nxg3 21. fxg3 Qxg3+
22. Bg2 b5 23. Nb6 Rc7 24. Re4 f5 25. Be1 Nf3+ 26. Kf1 Nh2+ 27. Kg1 1/2-1/2

[Event "Graz Casino Open 2014"]
[Site "Graz AUT"]
[Date "2014.02.19"]
[Round "7.8"]
[White "Spindelboeck, Gernot"]
[Black "Haznedaroglu, Kivanc"]
[Result "0-1"]
[BlackTitle "GM"]
[WhiteElo "2253"]
[BlackElo "2437"]
[WhiteFideId "1604511"]
[BlackFideId "6300634"]
[EventDate "2014.02.14"]

1. d4 d5 2. c4 e5 3. dxe5 d4 4. Nf3 Nc6 5. g3 Nge7 6. Nbd2 Ng6 7. Bg2 Ngxe5 8.
O-O Be7 9. b3 O-O 10. Bb2 a5 11. a3 Re8 12. b4 axb4 13. axb4 Rxa1 14. Qxa1 Bxb4
15. Nxe5 Rxe5 16. Bxc6 bxc6 17. Bxd4 Rxe2 18. Nf3 Bf8 19. Rd1 Qe8 20. Qc3 Bg4
21. Kg2 h6 22. h3 Bf5 23. Be5 Qe6 24. g4 Be4 25. Bxc7 Bc5 26. Rd8+ Kh7 27. Bg3
Rc2 28. Qa1 Bxf3+ 29. Kxf3 Qe2+ 30. Kg2 Bxf2 0-1